00407nam a22001337a 4500003000400000008004100004020001800045082001700063100002000080245004700100260005500147300001500202650005600217OSt260616b |||||||| |||| 00| 0 eng d a9789385516443 a519.54bK97I aKushwaha, K.S.  aInferential Statistics/ bby K.S. Kushwaha aNew Delhi : bNew India Publishing Agency, c2016. aix, 419 p. aMathematics | Pure Sciences | Statistical inference